000 00259nam a2200121 i 4500
001 bg
245 0 _aProblemy ochrony wód.
260 _aZielona Góra,
_c1979.
040 _cBPK
041 _apol
942 _cKS
008 s pl f |000 0 pol
999 _c18500
_d18500
856 _uhttp://koha.tu.koszalin.pl/cgi-bin/koha/opac-detail.pl?biblionumber=18500
_yKatalog online BPK